| 000 | 00361nam a2200145Ia 4500 | ||
|---|---|---|---|
| 008 | 150201s2005 xx 000 0 und d | ||
| 082 |
_a617.525 _bB2005O |
||
| 100 | _aOKESON,JEFFREY | ||
| 245 | _aBELLS OROFACIAL PAINS | ||
| 250 | _a6TH | ||
| 260 |
_bQUINTESSENCE PUBLICATION _aCHICAGO _c2005 |
||
| 300 | _a1-567 | ||
| 650 | _aORAL SURGERY | ||
| 942 |
_2ddc _cBK _02 |
||
| 999 |
_c4585 _d4585 |
||